MARC

LEADER 00000nam0a2200000 4500
001 298651
005 20231102001127.0
035 |a (RuTPU)RU\TPU\book\323794 
090 |a 298651 
100 |a 20150619d1982 km y0rusy50 ca 
101 0 |a rus 
102 |a RU 
105 |a y z 000zy 
200 1 |a Экономия материальных ресурсов: планирование, организация, эффективность  |f Г. М. Покараев, Д. К. Евдокимов, А. А. Зайцев 
210 |a Москва  |c Экономика  |d 1982 
215 |a 192 с.  |c ил. 
606 1 |a Рентабельность  |2 stltpush  |3 (RuTPU)RU\TPU\subj\36853  |9 58080 
610 1 |a материальные ресурсы 
610 1 |a экономия 
610 1 |a планирование 
610 1 |a организация 
610 1 |a экономическая эффективность 
610 1 |a режимы экономии 
610 1 |a топливо 
610 1 |a энергия 
686 |a У9(2)0-86  |v LBC/SL-A  |2 rubbk 
700 1 |a Покараев  |b Г. М.  |g Геннадий Михайлович 
701 1 |a Евдокимов  |b Д. К.  |g Дмитрий Кузьмич 
701 1 |a Зайцев  |b А. А.  |g Алексей Алексеевич 
801 1 |a RU  |b 63413507  |c 20150619 
801 2 |a RU  |b 63413507  |c 20190325  |g RCR 
942 |c BK